00797cam a22002897a 4500003000500000005001700005008004100022010001000063011001000073020001500083035001000098040000900108082001800117110000800135245011400143260002400257300002000281410000800301490003800309650002400347650003100371650002400402700001600426700001900442810000800461830003800469CHAP20220817043926.0040129d2001 it a rn 00110 eng d a88016 a88988 a9251046611 a99537 cCHAP04a630bF3 v.1462 aFAO10aPrinciples and practices of small - and medium-scale fruit juice processingc/by R.P. Bates and P.G. Crandall aRome :bFAO,c2001. a226 p. :bilus. aFAO 0aFAO. Servicios agrícolasv; 14614aBebidasxIndustria.14aJugos de frutaxIndustria.14aJugos de legumbres.00aBates, R.P.00aCrandall, P.G.0 aFAO00aFAO. Servicios agrícolasv; 146